01168 a2200205 4500003000500000005001700005010001600022020002300038040000900061082001600070100002000086245008200106260005200188300003800240440005300278505043500331650003600766856008600802856007400888Nust20241115141226.0 a 94031267 a0815513682 (cloth) cNust00a621.382,LIN1 aLinfield, R. F.10aTelecommunications :bpresent status and future trends /cRobert F. Linfield. aPark Ridge, N.J., U.S.A. :bNoyes Data,cc2005. aix, 169 p. :bill., map ;c27 cm. 0aAdvanced computing and telecommunications series aIntroduction (Page-1), The Coming of the Information Age (Page-11), The Promise of Advanced Technology (Page-14), The Role of Government and Standards (Page-46), The Impact of Market Forces and User Needs (Page-66), The Emergence of New Products Systems and Services (Page-72), The Evolution of Networks (Page-82), LANs MANs and WANs (Page-92), Advanced Network Architectures (Page-101), The Critical Trends and Issues (Page-123). 0aTelecommunications engineering.423Publisher descriptionuhttp://www.loc.gov/catdir/description/wap041/94031267.html423Table of contentsuhttp://www.loc.gov/catdir/toc/wap041/94031267.html